| 000 | 00963nam a2200301 i 4500 | ||
|---|---|---|---|
| 001 | 15949 | ||
| 003 | ES-MaACL | ||
| 005 | 20231027063020.0 | ||
| 007 | t| | ||
| 008 | 000525s1999 sp ||||1| spa d | ||
| 020 | _a84-95359-04-9 | ||
| 080 | _a929 Hölderlin, Friedrich | ||
| 080 | _a929 Kleist, Heinrich von | ||
| 080 | _a929 Nietzsche, Friedrich | ||
| 100 | 1 |
_aZweig, Stefan, _d1881-1942 _9118562 |
|
| 245 | 1 | 3 |
_aLa lucha contra el demonio / _cStefan Zweig ; traducción de Joaquín Verdaguer. |
| 250 | _a1ª ed. | ||
| 260 |
_aBarcelona : _bEl Acantilado, _c1999. |
||
| 300 |
_a332 p. ; _c21 cm. |
||
| 490 | 1 |
_aEl Acantilado ; _v16 |
|
| 600 | 1 | 4 |
_aHölderlin, Friedrich. _964001 |
| 600 | 1 | 4 |
_aKleist, Heinrich von. _968238 |
| 600 | 1 | 4 |
_aNietzsche, Friedrich, _d1844-1900 _985718 |
| 700 | 1 |
_aVerdaguer, Joaquín. _9114000 |
|
| 830 | 0 |
_aEl Acantilado ; _v16 _9179782 |
|
| 852 |
_aES-MaACL _jL-22886 _bR.128072 |
||
| 999 |
_c15949 _d15949 |
||